Pequeno manual de peixes marinhos e outras maravilhas aquáticas (Record no. 138036)

MARC details
000 -LÍDER
campo de controle de tamanho fixo 00485 a2200181 4500
001 - NÚMERO DE CONTROLE
campo de controle 138036
020 ## - ISBN - INTERNATIONAL STANDARD BOOK NUMBER
ISBN - International Standard Book Number 9788574068145
040 ## - FONTE DA CATALOGAÇÃO
Instituição que transcreveu o registro Leonardo Da Vinci
041 ## - CÓDIGO DE IDIOMA
Código do idioma do texto/trilha sonora ou título diferente Português
082 ## - CDD - CLASSIFICAÇÃO DECIMAL DE DEWEY
Número de Classificação IJ C431p
Número do exemplar C431p
100 ## - ENTRADA PRINCIPAL--NOME PESSOAL
Nome pessoal CHACHAMOVITS, Beatriz
245 ## - TÍTULO
Título Pequeno manual de peixes marinhos e outras maravilhas aquáticas
260 ## - PUBLICAÇÃO, DISTRIBUIÇÃO, ETC.
Nome do editor, distribuidor, etc. Companhia das Letrinhas
Data da publicação, distribuição, etc. 2018
Local de publicação, distribuição, etc. São Paulo
300 ## - DESCRIÇÃO FÍSICA
Extensão [44] p
362 ## - DATAS DE PUBLICAÇÃO E/OU DESIGNAÇÃO SEQUENCIAL
Datas de publicação e/ou designação sequencial 20180000
697 ## - ENTRADA DE ASSUNTO LOCAL--ENTIDADE COLETIVA (RLIN)
Nome corporativo ou nome da jurisdição Literatura infantojuvenil
942 ## - ELEMENTOS DE ENTRADA ADICIONADOS (KOHA)
Tipo de material Koha Livros
Holdings
Situação do descarte Situação das perdas Situação física Não pode ser emprestado Biblioteca de origem Biblioteca atual Data de aquisição Total de empréstimos Número de chamada completo Código de barras Data de último acesso Data do preço efetivo Tipo de material Koha Fonte da classificação ou esquema de arquivamento na estante
        Leonardo Da Vinci - Granja Viana Leonardo Da Vinci - Granja Viana 27/03/2024   IJ C431p G02061 27/03/2024 27/03/2024 Livros  
        Leonardo Da Vinci - Osasco Leonardo Da Vinci - Osasco 27/03/2024   IJ C431p O019267 27/03/2024 27/03/2024 Livros  
        Leonardo Da Vinci - Osasco Leonardo Da Vinci - Osasco 28/02/2026   IJ C341p ex.2 O020342 28/02/2026 28/02/2026 Livros Classificação Decimal de Dewey